| 000 | 00729nam a2200193 a 4500 | ||
|---|---|---|---|
| 005 | 20140310183501.0 | ||
| 008 | 100225s19uu xx 00 eng d | ||
| 020 | _a978470383773 | ||
| 050 |
_aLC 4704 _b.Si57 2009 |
||
| 100 | _aLavoie, Richard D. | ||
| 245 |
_aThe 6 success factors for children with learning disabilities : _bready-to-use activities to help kids with LD succeed in school and in life / _cRichard D. Lavoie. |
||
| 260 |
_aCalifornia : _bJossey-Bass, _c2009. |
||
| 300 |
_a203 p. : _bill. ; _c28 cm. |
||
| 521 | _aEDU | ||
| 650 |
_aLearning disabled children _xEducation. |
||
| 650 |
_aSpecial education _xActivity programs. 3. Learning disabled _xLife skills guide. |
||
| 942 |
_cBK _2lcc _kFOR |
||
| 999 |
_c23917 _d23917 |
||